书目信息 |
| 题名: |
辩证唯物主义历史唯物主义自学纲要
|
|
| 作者: | 黄强 编 | |
| 分册: | ||
| 出版信息: | 厦门 厦门大学出版社 1986 |
|
| 页数: | 346页 | |
| 开本: | 19cm | |
| 丛书名: | ||
| 单 册: | ||
| 中图分类: | B0 | |
| 科图分类: | ||
| 主题词: | 哲学理论 | |
| 电子资源: | ||
| ISBN: | ||
| 000 | 00644nam0 2200229 45 | |
| 001 | 0186002458 | |
| 005 | 20060508172723.92 | |
| 010 | @dCNY1.85 | |
| 091 | @a7407.003 | |
| 100 | @a19951102d1986 em y0chiy0121 ea | |
| 101 | 0 | @achi |
| 102 | @aCN@b350000 | |
| 105 | @ay z 000yy | |
| 200 | 10 | @a辩证唯物主义历史唯物主义自学纲要@Abian zheng wei wu zhu yi li shi wei wu zhu yi zi xue gang yao@f黄强等编@FHuang Qiang Deng Bian |
| 210 | @a厦门@c厦门大学出版社@d1986 | |
| 215 | @a346页@d19cm | |
| 606 | 0 | @a哲学理论 |
| 690 | @aB0@v3 | |
| 701 | 0 | @a黄强@4编 |
| 801 | 2 | @aCN@bNLC@c20060508 |
| 801 | 0 | @aCN@b深圳图书馆@c20040508 |
| 905 | @dB0@e90 | |
| 辩证唯物主义历史唯物主义自学纲要/黄强等编.-厦门:厦门大学出版社,1986 |
| 346页;19cm |
| ISBN :CNY1.85 |
| ● |
| 相关链接 |
|
|
|
|
正题名:辩证唯物主义历史唯物主义自学纲要
索取号:B0/90
 
预约/预借
| 序号 | 登录号 | 条形码 | 馆藏地/架位号 | 状态 | 备注 |
| 1 | 0202277 | 001588124 | 密集书库/ [索取号:B0/90] | 在馆 | |
| 2 | 0202278 | 001388796 | 第一借阅区/ [索取号:B0/90] | 在馆 | |
| 3 | 0202279 | 001130289 | 密集书库/ [索取号:B0/90] | 在馆 | |
| 4 | 0202280 | 202314227 | 密集书库/ [索取号:B0/90] | 在馆 | |
| 5 | 0202281 | 002048457 | 第一样本阅览室/ [索取号:B0/90] | 在馆 |